000 01463nac a22003617a 4500
001 BR8806139
003 BR-BrBNA
005 20240105120842.0
008 230509b bl.|||m| |||| 00| 0 por d
040 _aBR-BrBNA
_bpor
_cBiblioteca Nacional de Agricultura
072 _aE11; E12; E50
090 _aE11 BR8806139
100 1 _aAraujo, P.C. de
110 1 _aEmpresa Maranhense de Pesquisa Agropecuaria, Sao Luis, MA (Brasil)
_94228
245 1 _aAvaliacao de recursos naturais e socio-economico; 1 - Estrutura agraria dos municipios de Pinheiro, Sao Bento e Palmeirandia, na Bacia Ocidental Maranhense (Diagnostico preliminar)
246 1 _a[Evaluation of natural and socio-economical resources; 1 - Agrarian estructure at the municipalities of Pinheiro, Sao Bento and Palmeirandia, at the occidental part of the state of Maranhao, Brazil (Preliminary diagnosis]
260 3 _aSao Luis, MA (Brasil):
_c1988.
300 _a96 p.
490 _aDocumentos - Empresa Maranhense de Pesquisa Agropecuaria (Brazil)
_vno. 11
_xISSN 0102-3977
500 _a55 tables; 14 ref.; 6 illus.
650 _aESTRUTURA AGRARIA
650 _aPOSSE DE TERRA
650 _aUSO DA TERRA
650 _aTRABALHO
650 _aMAO-DE-OBRA
650 _aPOPULACAO
650 _aPRODUCAO VEGETAL
650 _aPRODUCAO ANIMAL
650 _aTECNOLOGIA AGRICOLA
650 _aPINHEIRO
909 _a202312
_bLúcia Elande
_c55
_dLúcia Elande
942 _2AGRIS
_n0
_cMS
999 _c281786
_d281786